| 000 | 00739nam a2200265Ia 4500 | ||
|---|---|---|---|
| 008 | 160620s9999||||xx |||||||||||||| ||und|| | ||
| 040 | _cEnglish | ||
| 082 | _aXVA/ | ||
| 082 | _bBORI-101900 | ||
| 100 | _aH. P. Blavatsky | ||
| 245 | _aEncyclopaedia of The Synthesis of Science Philosophy and Religion | ||
| 300 | _axi+482 | ||
| 300 | _bTwo | ||
| 300 | _cB | ||
| 300 | _eHardbound | ||
| 530 | _u00101900.pdf | ||
| 563 | _aRef | ||
| 600 | _aH. P. Blavatsky | ||
| 630 | _aEncyclopaedia of The Synthesis of Science Philosophy and Religion | ||
| 650 | _aEncyclopedia | ||
| 650 | _aReference | ||
| 700 | _aH. P. Blavatsky | ||
| 730 | _aEncyclopaedia of The Synthesis of Science Philosophy and Religion | ||
| 942 | _cBOOK | ||
| 999 |
_c1393339 _d1393336 |
||